ازمة الدولة فى الوطن العربى : (Record no. 59853)
[ view plain ]
| 000 -الفاتح | |
|---|---|
| حقل البيانات ثابتة الطول | 01864nam a22003377a 4500 |
| 005 - وقت وتاريخ اخر تعامل مع التسجيلة | |
| رقم الضبط | 20240530110339.0 |
| 008 - عناصر البيانات ثابتة الطول - معلومات عامة | |
| حقل البيانات ثابتة الطول | 141030s2011 le gr 001 0dara d |
| 020 ## - الرقم الدولى المعيارى للكتب | |
| الرقم الدولى المعيارى للكتاب | 9789953824154 |
| 040 ## - مصدر الفهرسة | |
| وكالة الفهرسة الأصلية | EG-CaGPL |
| 082 04 - رقم تصنيف ديوى العشرى | |
| رقم الطبعة | 21 |
| رقم التصنيف | 320.956\ |
| رقم المادة | م أ |
| 100 0# - المدخل الرئيسى - إسم شخصى | |
| الإسم الشخصى | عادل مجاهد الشرجبى |
| 245 ## - بيان العنوان | |
| العنوان | ازمة الدولة فى الوطن العربى : |
| بيان المسئوليه,etc | عادل مجاهد الشرجبى ...[ واخ. ] |
| بقية العنوان | بحوث ومناقشات الندوة الفكرية التى نظمها مركز دراسات الوحدة العربية بالتعاون مع مركز كارنيفي للشرق الاوسط والجمعية العربية للعلوم السياسية / |
| 260 ## - PUBLICATION, DISTRIBUTION, ETC. (IMPRINT) | |
| تاريخ النشر أو التوزيع | 2011 |
| 300 ## - الوصف المادى | |
| التعداد | 575 ص ؛ |
| أبعاد الوعاء | 24 سم |
| 650 04 - المدخل الاضافى بالموضوع-مصطلح موضوعى | |
| مصطلح موضوعي | المجتمع العربى |
| التقسيم الفرعي العام | الاحوال السياسية |
| 650 04 - المدخل الاضافى بالموضوع-مصطلح موضوعى | |
| مصطلح موضوعي | الحكومات |
| التقسيم الفرعي العام | المجتمع العربى |
| 650 04 - المدخل الاضافى بالموضوع-مصطلح موضوعى | |
| مصطلح موضوعي | الدولة |
| التقسيم الفرعي العام | علاقتها بالافراد والجماعات |
| التقسيم الفرعي الجغرافي | السودان |
| 650 04 - المدخل الاضافى بالموضوع-مصطلح موضوعى | |
| مصطلح موضوعي | الدولة |
| التقسيم الفرعي العام | علاقتها بالافراد |
| التقسيم الفرعي الجغرافي | اليمن |
| 650 04 - المدخل الاضافى بالموضوع-مصطلح موضوعى | |
| مصطلح موضوعي | الدولة |
| التقسيم الفرعي العام | علاقتها بالافراد |
| التقسيم الفرعي الجغرافي | الصومال |
| 650 04 - المدخل الاضافى بالموضوع-مصطلح موضوعى | |
| مصطلح موضوعي | القبائل العربية السعودية |
| 650 04 - المدخل الاضافى بالموضوع-مصطلح موضوعى | |
| مصطلح موضوعي | المجتمعات القبلية |
| التقسيم الفرعي الجغرافي | السعودية |
| 650 04 - المدخل الاضافى بالموضوع-مصطلح موضوعى | |
| مصطلح موضوعي | العدالة الاجتماعية |
| 650 04 - المدخل الاضافى بالموضوع-مصطلح موضوعى | |
| مصطلح موضوعي | الصراع الطائفى |
| التقسيم الفرعي الجغرافي | لبنان |
| 650 04 - المدخل الاضافى بالموضوع-مصطلح موضوعى | |
| مصطلح موضوعي | لبنان |
| التقسيم الفرعي العام | تاريخ |
| التقسيم الفرعي الزمني | العصر الحديث |
| التقسيم الفرعي العام | الحرب الاهلية |
| 700 0# - المدخل الاضافى - اسم شخصى | |
| الإسم الشخصى | عدنان السيد حسين |
| الدور | مؤلف مشارك |
| 700 0# - المدخل الاضافى - اسم شخصى | |
| الإسم الشخصى | محمد عبدالشفيع عيسى |
| الدور | مؤلف مشارك |
| 700 0# - المدخل الاضافى - اسم شخصى | |
| الإسم الشخصى | عبدالاله بلقزيز |
| الدور | مؤلف مشارك |
| 700 0# - المدخل الاضافى - اسم شخصى | |
| الإسم الشخصى | عمرو حمزاوى |
| الدور | مؤلف مشارك |
| 942 ## - عناصر المدخل الإضافي( كوها) | |
| مصدر التصنيف او مخطط الترفيف | Dewey Decimal Classification |
| Koha [default] item type | كتاب |
| 260 ## - PUBLICATION, DISTRIBUTION, ETC. (IMPRINT) | |
| -- | بيروت : |
| -- | مركز دراسات الوحدة العربية ، |
| حالة التراجع | حالة الفقد | حالة تلف | ليس للاعارة | المكان المؤقت | الموقع الحالى | تاريخ الاكتساب | اجمالي اﻻعارات | رقم الطلب | الباركود | تاريخ اخر مشاهدة | تاريخ تفعيل السعر | نوع وعاء كوها |
|---|---|---|---|---|---|---|---|---|---|---|---|---|
| مكتبة القاهرة الكبرى | مكتبة القاهرة الكبرى | 10/30/2014 | 320.956\ م أ | 158809 | 10/30/2014 | 10/30/2014 | كتاب |

